América Latina : de ruinas y horizontes : la política de nuestros días, un balance provisorio /
Guardat en:
| Altres autors: | , |
|---|---|
| Format: | Electrònic eBook |
| Idioma: | espanyol |
| Publicat: |
Ciudad de México :
Bonilla Artigas Editores : Universidad Autónoma Metropolitana, Unidad Xochimilco,
[2018]
|
| Col·lecció: | Pública social ;
20. |
| Matèries: | |
| Accés en línia: | Digitalia Hispánica |
| Etiquetes: |
Afegir etiqueta
Sense etiquetes, Sigues el primer a etiquetar aquest registre!
|
MARC
| LEADER | 00000nam a2200000Ii 4500 | ||
|---|---|---|---|
| 001 | DIGBONART0191 | ||
| 003 | NyNyDIG | ||
| 007 | cr ||||||||||| | ||
| 008 | 220316s2018 mx ob 000 0 spa d | ||
| 006 | m o d | ||
| 035 | |a (OCoLC)1311090771 | ||
| 040 | |a DGITA |b eng |e rda |e pn |c DGITA | ||
| 020 | |a 9786078560752 |q eBook |q pdf | ||
| 020 | |z 9786078450657 |q Bonilla Artigas Editores | ||
| 020 | |z 9786072809369 |q Universidad Autónoma Metropolitana-Xochimilco | ||
| 043 | |a cl----- | ||
| 050 | 1 | 4 | |a F1414.3 ebook |
| 245 | 0 | 0 | |a América Latina : |b de ruinas y horizontes : la política de nuestros días, un balance provisorio / |c Jorge E. Brenna B. y Francisco Carballo E. (coordinadores). |
| 264 | 1 | |a Ciudad de México : |b Bonilla Artigas Editores : |b Universidad Autónoma Metropolitana, Unidad Xochimilco, |c [2018] | |
| 300 | |a 1 online resource. | ||
| 336 | |a text |b txt |2 rdacontent | ||
| 337 | |a computer |b c |2 rdamedia | ||
| 338 | |a online resource |b cr |2 rdacarrier | ||
| 347 | |a text file |2 rdaft | ||
| 347 | |b PDF | ||
| 490 | 1 | |a Públicasocial ; |v 20 | |
| 504 | |a Includes bibliographical references. | ||
| 588 | 0 | |a Online resource; title from PDF title page (Digitalia, viewed March 16, 2022) | |
| 651 | 0 | |a Latin America |x Politics and government |y 21st century. | |
| 655 | 0 | |a Electronic books. | |
| 700 | 1 | |a Brenna B., Jorge E., |e editor. | |
| 700 | 1 | |a Carballo, Francisco |c (Social scientist), |e editor. | |
| 791 | 2 | |a Digitalia (Firm), |e distributor. | |
| 793 | 0 | |g Digitalia eBook Collection: |a Bonilla Artigas Editores | |
| 776 | 0 | 8 | |i Print version: |t América Latina. |b Primera edición. |d Ciudad de México : Bonilla Artigas Editores : Universidad Autónoma Metropolitana, Unidad Xochimilco, [2018] |z 9786078450657 |
| 830 | 0 | |a Pública social ; |v 20. | |
| 856 | 4 | 0 | |3 Digitalia Hispánica |u https://digitalia.unach.elogim.com/a/81493/ |
| 910 | |a Premium collection: 2022 | ||